Scare the gentle citizen /

Saved in:
Bibliographic Details
Main Author: Crawford, Iain
Format: Book
Language:English
Published: London : Hammond, 1966.
LEADER 00714nam a2200205 a 4500
001 c000089618
003 CARM
005 00000000000000.0
008 930419s1966 enk 00011 eng d
019 1 |a 9948450  |5 LACONCORD2021 
035 |a (OCoLC)30274314  |5 LACONCORD2021 
040 |a VLINC  |c VLINC 
100 1 |a Crawford, Iain. 
245 1 0 |a Scare the gentle citizen /  |c Iain Crawford. 
260 |a London :  |b Hammond,  |c 1966. 
300 |a 224 p. ;  |c 19 cm. 
852 8 |b CARM  |h A2:AO04G0  |i A01210  |p 0116499  |f BK 
082 0 4 |a 823.914  |2 20 
999 f f |i 9206c9ee-e5c2-5e7c-b862-befca40be2b5  |s f5916420-8775-5d52-a804-40bfd4551d8b 
952 f f |p Can circulate  |a CAVAL  |b CAVAL  |c CAVAL  |d CARM 1 Store  |e A01210  |f A2:AO04G0  |h Other scheme  |i book  |m 0116499